Statistics for Name Every 2014-15 Toronto Maple Leaf

Click here to take the quiz!

General Stats

  • This quiz has been taken 3 times
  • The average score is 19 of 40

Answer Stats

HintAnswer% Correct
#51Jake Gardiner
100%
#34James Reimer
100%
#19Joffrey Lupul
100%
#45Johnathan Bernier
100%
#44Morgan Rielly
100%
#81Phil Kessel
100%
#42Tyler Bozak
100%
#3Dion Phaneuf
67%
#21James Van Riemsdyk
67%
#32Josh Leivo
67%
#43Nazem Kadri
67%
#16Sam Carrick
67%
#2Andrew MacWilliam
33%
#67Brandon Kozun
33%
#37Carter Ashton
33%
#37Casey Bailey
33%
#4Cody Franson
33%
#28Colton Orr
33%
#26Daniel Winnik
33%
#20David Booth
33%
#71David Clarkson
33%
#2Eric Brewer
33%
#36Greg McKegg
33%
#15Joakim Lindstrom
33%
#55Korbinian Holzer
33%
#47Leo Komarov
33%
#39Matt Frattin
33%
#25Mike Santorelli
33%
#11Olli Jokinen
33%
#24Peter Holland
33%
#8Petter Granberg
33%
#18Richard Panik
33%
#46Roman Polak
33%
#50Stuart Percy
33%
#33Tim Erixon
33%
#25T.J. Brennan
33%
#23Trevor Smith
33%
#40Troy Brodie
33%
#22Zach Sill
33%
#12Stephane Robidias
0%

Score Distribution

Percentile by Number Answered

Percent of People with Each Score

Your Score History

You have not taken this quiz